[Event "3rd Norway Chess 2015"]
[Site "Stavanger NOR"]
[Date "2015.06.21"]
[Round "5.2"]
[White "Carlsen, Magnus"]
[Black "Grischuk, Alexander"]
[Result "1-0"]
[WhiteElo "2876"]
[BlackElo "2781"]
[Annotator "Ramirez Alvarez,Alejandro"]
[PlyCount "89"]
[EventDate "2015.06.16"]
[SourceDate "2015.02.07"]

1. Nf3 c5 2. e4 d6 3. d4 cxd4 4. Nxd4 Nf6 5. Nc3 a6 6. g3 e5 7. Nde2 Be7 8. Bg2
b5 9. Nd5 Nbd7 10. Nec3 Bb7 11. a4 Nxd5 12. Nxd5 Nf6 13. axb5 Nxd5 14. exd5
axb5 15. Rxa8 Qxa8 16. Qd3 O-O 17. O-O Bc8 18. Be3 Bd7 19. Rc1 h6 20. Qd1 Qb7
21. Ra1 Ra8 22. h4 Ra6 23. b3 Bd8 24. c4 bxc4 25. bxc4 Bb6 26. c5 $1 {The only
practical chance. Before this Grischuk's position was very acceptable, and he
had relatively good chances to equalize simply. With this move Carlsen creates
complications - extremely important since Grischuk was, as usual, in severe
time pressure!} Bxc5 27. Bxc5 dxc5 28. d6 Qb6 29. Rxa6 Qxa6 30. Bd5 $1 {
Binding Black's position. The pawn on d6 and the weakness on f7 create a
slightly uncomfortable position. With a couple of accurate moves Grischuk
should be out of trouble, but when you have only a few minutes to make 10
moves things tend to go wrong quickly.} Qc8 $2 (30... Qb6 $1 31. Kg2 (31. Qh5
Qb1+ $1 {an important resource.} 32. Kg2 Qf5 {with equality.}) 31... Be8 $11)
31. Qb3 {Now the pressure is real, it is difficult for Black to find moves.}
Be8 32. Qc3 {It's not easy to defend all the pawns, but Grischuk still has a
way to equality.} c4 (32... Qf5 $1 33. Qxc5 g5 $1 {and the passed d-pawn gives
White a slight edge, but Black should hold with perfect play.}) 33. Bxc4 Bd7
34. Qb3 Qe8 35. Qf3 Kf8 36. h5 $1 Kg8 (36... e4 $1) 37. Qe4 Bc6 38. Bd5 Bd7 39.
Kg2 Kh8 {Girschuk's passive defense was prompted by his lack of time. Carlsen
plays a tricky move on the decisive 40th move.} 40. f4 exf4 $6 {losing
instantly. You can't blame him for playing this move since he only had 18
seconds, but you can blame him for getting to a situation where he only had 18
seconds.} (40... f5 $1 41. Qxe5 Qxh5 42. Qe7 Kh7 {is holding according to some
engines, but this looks nearly losing for Black.}) 41. Qxe8+ Bxe8 42. Bxf7 $1
Bc6+ 43. Kf2 fxg3+ {Grischuk spent a fair amount of time on this move,
understanding he is completely lost.} 44. Kxg3 Bd7 45. Bg6 (45. Bg6 Kg8 46. Kf4
Kf8 47. Ke5 Kg8 48. Kd5 Kf8 49. Kc5 {Black can't do anything.} Kg8 50. Kb6 Kh8
51. Kc7 Bb5 52. d7 Bxd7 53. Kxd7 {and due to the existence of the g7 pawn,
here Black gets zugzwnaged and loses.} Kg8 54. Ke8 Kh8 55. Ke7 Kg8 56. Bf7+ Kh7
57. Kf8 g5 58. hxg6+ {and a quick mate.}) 1-0

[Event "3rd Norway Chess 2015"]
[Site "Stavanger NOR"]
[Date "2015.06.21"]
[Round "5.4"]
[White "Hammer, Jon Ludvig"]
[Black "Topalov, Veselin"]
[Result "0-1"]
[WhiteElo "2677"]
[BlackElo "2798"]
[Annotator "Ramirez Alvarez,Alejandro"]
[PlyCount "148"]
[EventDate "2015.06.16"]
[SourceDate "2015.02.07"]

1. d4 d5 2. c4 c6 3. Nf3 Nf6 4. e3 Bf5 5. Nc3 e6 6. Nh4 Bg6 7. Nxg6 hxg6 8. Bd2
Nbd7 9. Qc2 a6 10. O-O-O Be7 11. Kb1 Qc7 12. h3 Rd8 13. c5 e5 14. f4 exd4 15.
exd4 Nh5 16. Ne2 Nhf6 17. Nc3 Nh5 18. Ne2 Nhf6 19. Ng3 Ng8 20. Bd3 f5 21. Nxf5
gxf5 22. Bxf5 Ndf6 23. Bg6+ Kf8 24. g4 Ne4 25. g5 Rh4 26. Bc1 Qd7 27. Qg2 b6
28. cxb6 Bd6 29. Bxe4 dxe4 30. d5 Ne7 31. dxc6 Qxc6 32. Rhe1 Qxb6 33. Qxe4 Bc5
34. Rxd8+ Qxd8 35. Qc4 Qd4 36. Qxa6 g6 37. Re5 Qd6 38. Qa8+ Kg7 39. Qf3 Bd4 40.
Re2 Qd7 41. Qd3 Nc6 42. Rh2 Nb4 43. Qc4 Rxh3 44. Rd2 Qf5+ 45. Ka1 Bc5 46. a3
Nd3 47. Rd1 Nxc1 48. Rxc1 Bf8 49. Qd4+ Kg8 50. Rc7 Qe6 51. Qc4 Qxc4 52. Rxc4
Kf7 53. a4 Rb3 54. a5 Rb5 55. Ra4 Bg7 56. Ra2 Bd4 57. Ra4 Bxb2+ 58. Ka2 Bc1 59.
a6 Rb2+ 60. Ka1 Rb8 61. Rc4 Be3 62. Rc7+ Kg8 63. Rc6 Bd4+ 64. Ka2 Kf7 65. Rd6
Bc3 66. Rc6 Bh8 67. Ka3 Bd4 68. Ka4 Rf8 69. Kb5 Kg7 70. Rc7+ Rf7 71. Rxf7+ $1 {
Good calculation into a drawn endgame, with a little trick.} Kxf7 72. Kc4 $1 {
The point, gaining a tempo} Ba7 73. Kd5 Ke7 (73... Bb8 74. Kc6 $1 {Threatening
Kb7, winning! Black must return to a7.} Ba7 75. Kd5 $1 {and Black can only
repeat positions.}) 74. Kc6 $4 {Absolutely horrible.} (74. f5 {was as obvious
as it was effective.} gxf5 75. Ke5 $11) 74... Ke6 {The pawn endgame is very
obviously losing. Hammer suffered in his chair for a few minutes before
stretching his out and resigning in shame.} 0-1

[Event "3rd Norway Chess 2015"]
[Site "Stavanger NOR"]
[Date "2015.06.21"]
[Round "5.5"]
[White "Aronian, Levon"]
[Black "Caruana, Fabiano"]
[Result "1-0"]
[WhiteElo "2780"]
[BlackElo "2805"]
[Annotator "Ramirez Alvarez,Alejandro"]
[PlyCount "119"]
[EventDate "2015.06.16"]
[SourceDate "2015.02.07"]

1. c4 c5 2. Nf3 Nf6 3. e3 e6 4. d4 d5 5. cxd5 exd5 6. Bb5+ Bd7 7. Bxd7+ Nbxd7
8. dxc5 Nxc5 9. O-O Be7 10. Nc3 O-O 11. b3 Nce4 12. Ne2 Qa5 13. Bb2 Ba3 14.
Bxa3 Qxa3 15. Qc1 Qa6 16. Qb2 Rac8 17. Nfd4 Rc7 18. Rac1 Rfc8 19. a4 Qb6 20.
Nb5 Rxc1 21. Rxc1 Rxc1+ 22. Qxc1 g6 23. f3 Nc5 24. Qc3 a6 25. Nbd4 Qd6 26. h4
b6 27. g3 a5 28. Nb5 Qe7 29. Nf4 h6 30. Nd4 Qe5 31. Nfe2 Nfd7 32. Kg2 Kh7 33.
Nf4 g5 34. hxg5 hxg5 35. Nh5 g4 36. fxg4 Qe4+ 37. Nf3 Qxg4 38. Nf6+ Nxf6 39.
Qxf6 Qxg3+ $2 {Falling for a clever trap. Caruana saw a mirage - thinking that
he was up a pwn in the endgame he had no chances of losing, but actually he is
already much worse!} (39... Qg6 $11) 40. Kxg3 Ne4+ 41. Kf4 Nxf6 42. Ke5 {
Suddenly it is clear that White's initiative on the queenside is enough to win
the b6 and a5 pawns. Black must be extremely careful.} Kg6 43. Nd4 Kg5 44. Kd6
Ng4 45. Nc2 Kf5 46. Kxd5 Nf6+ 47. Kc6 Ke4 48. Kxb6 Kd3 {Here Aronian missed an
unbelievable win} 49. Ne1+ (49. Nb4+ $3 axb4 (49... Kc3 50. Kxa5 Kxb3 51. Kb5
$18) 50. Kc6 {and the king dominates the knight, the a-pawn promotes by force.}
) 49... Kxe3 50. Kxa5 Kd2 $2 {missing a draw, but it's hard to blame Caruana.}
(50... Nd5 $3 {is a draw. Why? ask your engine, the lines are too long!}) 51.
Nf3+ Kc3 52. b4 Nd5 53. b5 Kb3 {Now every move wins.} 54. Ne5 f5 55. Nd7 {
White wants to play b6 and take with the knight. The rest is trivial for
Aronian.} Ne3 56. b6 Nc4+ 57. Kb5 Nd6+ 58. Kc6 Nc4 59. Kc5 Na5 60. Kb5 1-0

[Event "3rd Norway Chess 2015"]
[Site "Stavanger NOR"]
[Date "2015.06.22"]
[Round "6.2"]
[White "Anand, Viswanathan"]
[Black "Vachier-Lagrave, Maxime"]
[Result "1-0"]
[WhiteElo "2804"]
[BlackElo "2723"]
[Annotator "Ramirez Alvarez,Alejandro"]
[PlyCount "57"]
[EventDate "2015.06.16"]
[SourceDate "2015.02.07"]

1. e4 c5 2. Nf3 d6 3. d4 cxd4 4. Nxd4 Nf6 5. Nc3 a6 6. h3 e6 7. g4 h6 8. Bg2
Nc6 9. Be3 Be7 10. f4 Nd7 11. O-O Nxd4 12. Qxd4 O-O 13. Qd2 Rb8 14. Ne2 b5 15.
Rad1 Qc7 16. f5 Nf6 17. Ng3 {So far we have been following the game between
Navara, D - Grischuk, A in the 2014 Tromso Olympiad. That thrilling game ended
in a draw after 17...Re8, but in the annotations to that game for ChessBase
Magazine by Igor Stohl, he mentioned the possibility of playing Bb7 in this
position.} Bb7 18. Kh1 {an interesting idea. Black has a few options in this
position.} (18. Bxh6 {was considered by Stohl. You can look at those
annotations in your CBM, or simply in your MegaBase 2015! There are many
variations and tactical nuances.} gxh6 19. Qxh6 d5 20. g5 Qxg3 21. Rd3 Bc5+ $1
22. Kh1 Be3 $1 {Is a key point of the position. It will be obvious why soon.})
18... Rbd8 $2 {Already the losing blunder. The variations after Bxh6 now work
without a problem.} (18... Kh7 {looks unnatural but does defend against Bxh6,
so it is worth a try.}) (18... d5 {looks the main line here, for example} 19.
e5 $1 {the point} Qxe5 20. Bf4 Qxb2 21. Bxb8 Rxb8 {Black finds himself down
the exchange, but he has two pawns for it. Perhaps White's initiative here is
enough for an advantage, but more practical tests will be needed.}) 19. Bxh6
gxh6 20. Qxh6 d5 {What else? Without this breakthrough Black's position will
just get annihilated on the kingside.} 21. g5 $1 {Excellent calculation from
Anand, identifying the differences in the position.} Qxg3 22. Rd3 {Now there
is no possibility to play Bc5+, as the move is not check! Black is toast.} Nh5
(22... Nxe4 23. f6 $1 Bxf6 (23... Qxg5 24. Qxg5+ Nxg5 25. fxe7 {will leave
White up the exchange after recovering taking a rook next move, but more
importantly the knight on g5 is hanging to the pin on the g-file in too many
variations.}) 24. Bxe4 {threatening mate on h7} dxe4 25. Rxg3 {and Black is
simply down too much material. The pair of bishops is nothing compared to the
queen. However this was MVL's best chance.}) (22... Qe5 23. gxf6 Bxf6 24. Rf4 {
and the rook lift is absolutely deadly. Now rg4 next move wins the game.} Bg7
25. Rg3 $18) 23. g6 $1 {An important move to find.} fxg6 24. fxg6 Rxf1+ 25.
Bxf1 Nf6 {what else? Without this move Black is powerless against Qh7+ and Qh8
mate.} 26. Rxg3 dxe4 27. Be2 {White's position is not only crushing, he has
plenty of extra material.} e3+ 28. Kg1 Bc5 29. Kf1 1-0

[Event "3rd Norway Chess 2015"]
[Site "Stavanger NOR"]
[Date "2015.06.22"]
[Round "6.3"]
[White "Grischuk, Alexander"]
[Black "Topalov, Veselin"]
[Result "0-1"]
[WhiteElo "2781"]
[BlackElo "2798"]
[Annotator "Ramirez Alvarez,Alejandro"]
[PlyCount "78"]
[EventDate "2015.06.16"]
[SourceDate "2015.02.07"]

1. d4 Nf6 2. c4 e6 3. Nc3 Bb4 4. f3 c5 5. d5 O-O 6. e4 d6 7. Nge2 b5 8. Nf4
exd5 9. cxd5 a6 10. Be2 Nbd7 11. O-O c4 12. Be3 Bc5 13. Bxc5 Nxc5 14. b4 cxb3
15. axb3 b4 $5 {After a complicated Nimzo-Indian we have the following
situation. It is quite complex, and as usual Grischuk had already used a fair
chunk of his time to get here while Topalov played rather quickly. The Russian
player attempts to reposition his knight to a better square, but it backfires.}
16. Nb5 $6 {Overlooking the following continuation} (16. Na4 Nxa4 17. Rxa4 {
and the game is approximately equal.}) 16... Qb6 17. Kh1 (17. Nd4 Nxb3 18. Qxb3
Qxd4+ {is just bad.}) 17... g5 $1 {An impressive situation. The knight on f4 
(which should probalby have gone to g3 earlier in the game rather than f4)
finds itself trapped!} 18. Qd4 {Grischuk took a very long think making this
move, which seemed nearly forced.} (18. Nh3 Bxh3 {is winning for Black as the
rooks are connected on the back rank, and now the b5 knight can be taken.}) (
18. Nd3 Qxb5 {cuts off the defense of the bishop on e2.}) 18... Ncd7 (18... Qd8
19. Nd3 Nxb3 20. Qxb4 (20. Qb2 {is also possible, but less human.}) 20... Nxa1
21. Nd4 {and Black has an extra exchange, but the compensation cannot be
underestimated.}) 19. Qxb6 Nxb6 {Now both of White's knights are under attack
since the rook on a8 is defended.} 20. Nc7 (20. Nxd6 gxf4 21. Rfc1 {is still
not clear. Black is up a piece but there is some compensation.}) 20... Ra7 21.
Nb5 (21. Rfc1 $1 gxf4 22. Rc6 {was probably the most testing for Topalov.
Black is up a full piece at the moment, but they are hard to coordinate and
Topalov has too many weak pawns. White here has a good chance to hold on to a
draw.}) 21... Re7 22. Nxd6 gxf4 23. Bxa6 Rd8 24. Bxc8 Rxd6 25. Bf5 {With the
dust more or less settled White seems to be slightly worse, but no more than
that. He has two pawns for the knight, some control over the open files and
two passed pawns.} Nbd7 26. g3 (26. Ra4 $1 {trying to get that important pawn
on b4.} Rb6 27. Ra7 {is annoying.}) 26... fxg3 27. Rg1 $2 {The idea of taking
on g3 with the rook is simply bad.} (27. hxg3 {this would have gone into a
very long game, and despite Grischuk's time trouble he might have been able to
save the position.}) 27... Kf8 28. Rxg3 Nc5 {The weakness of f4 will soon be
felt.} 29. Bh3 Re8 $1 30. Rb1 Nh5 $1 31. Rg5 Nf4 {With the knights swarming
the position, this is clearly over. The fact that Grischuk has one minute and
a few seconds to make all the moves until the 40th did not help the situation.}
32. Bf1 Ra8 33. Bc4 Ra2 34. Rg4 Rh6 35. h4 Nfd3 36. Rg2 Rxh4+ 37. Kg1 Ra7 38.
d6 Rh6 39. Rh2 Rxd6 0-1

[Event "3rd Norway Chess 2015"]
[Site "Stavanger NOR"]
[Date "2015.06.24"]
[Round "8"]
[White "Carlsen, M."]
[Black "Aronian, L."]
[Result "1-0"]
[WhiteElo "2876"]
[BlackElo "2780"]
[Annotator "Ramirez Alvarez,Alejandro"]
[PlyCount "79"]
[EventDate "2015.06.17"]
[SourceDate "2015.02.07"]

1. e4 e5 2. Nf3 Nc6 3. Bb5 a6 4. Ba4 Nf6 5. O-O Be7 6. d3 b5 7. Bb3 d6 8. c3
O-O 9. Re1 Na5 10. Bc2 c5 11. Nbd2 Nc6 12. Nf1 h6 13. Ne3 Re8 14. a4 Be6 15. d4
exd4 16. cxd4 Nb4 17. Bb1 bxa4 18. Rxa4 Bf8 19. Ra1 d5 20. e5 Ne4 21. h3 Qb6
22. Nxd5 Bxd5 23. Bxe4 Rad8 24. Bxd5 Rxd5 25. Be3 Red8 26. dxc5 Bxc5 27. Qb3
Bxe3 28. Rxe3 a5 29. e6 fxe6 30. Rae1 R8d6 31. Rc1 Nd3 $2 (31... Rd3 $1 $11)
32. Rc8+ Kh7 33. Qa4 $1 {A nice repositioning of the queen. From here the
queen can threaten the king with Qe8, and it also has access to e4 with lethal
checks.} Qxb2 34. Qe4+ Rf5 35. Kh2 $1 {A key and excellent move. White
prepares the moves g4 and Nh4, but Black still has some resources.} (35. Nh4
Qxf2+ 36. Kh2 Qf4+ $19) 35... Nf4 36. Rc2 $4 {Based on a strong miscalculation
- due to the fact that Carlsen only had about a minute and a half in this
position!} Qa1 $4 {This move, however, is completely based on an oversight.
Aronian had plenty of time to think and he clearly went wrong.} (36... Qb8 $1 {
Is fancy} 37. g3 (37. g4 Ng6 $1 38. gxf5 exf5 $1 {A hard move to find, but the
point is that no matter where the queen goes, the rook will give a deadly
discovered attack winning the White queen, giving Black a decisive advantage.})
37... Nd5 $15) (36... Qb4 37. Rc4 {would still force Aronian to find the Qb8
resource.}) 37. g4 Qf1 {Perhaps here Aronian forgot about White's next move}
38. Ne1 {Everything is defended and Black is helpless against gxf5.} (38. Nh4
Rd1 $19) 38... Nh5 39. gxf5 exf5 40. Qc4 1-0

[Event "3rd Norway Chess 2015"]
[Site "Stavanger NOR"]
[Date "2015.06.24"]
[Round "8"]
[White "Giri, A."]
[Black "Topalov, V."]
[Result "1-0"]
[WhiteElo "2773"]
[BlackElo "2798"]
[Annotator "Ramirez Alvarez,Alejandro"]
[PlyCount "111"]
[EventDate "2015.06.17"]
[SourceDate "2015.02.07"]

1. d4 Nf6 2. c4 e6 3. Nf3 d5 4. g3 Bb4+ 5. Bd2 Be7 6. Bg2 O-O 7. O-O c6 8. Qc2
Nbd7 9. Rd1 b6 10. b3 a5 11. Bc3 Bb7 12. Nbd2 c5 13. Ne5 cxd4 14. Bxd4 Nxe5 15.
Bxe5 Qc8 16. Rac1 dxc4 17. Bxf6 Bxf6 18. Qxc4 Bxg2 19. Kxg2 Qb7+ 20. Qe4 Rfb8
21. Rc6 Qd7 22. Rcc1 Qb7 23. Qxb7 Rxb7 24. Ne4 Be7 25. Nd6 Rd7 26. Nc4 Rxd1 27.
Rxd1 b5 28. Ne5 Bf6 29. Nd7 a4 30. Rc1 axb3 31. axb3 Be7 32. Rc7 Rd8 33. Rb7
Bd6 34. g4 {Giri has some pressure: his knight on d7 controls Black's position
and b5 is weak. However it is difficult to make progress as the d7 knight is
hanging whenever the rook stops protecting it, and there is no obvious way to
retreat it.} h5 $2 {Too frisky. Passive defense is uncomfortable, but it was
what the position called for.} (34... h6 35. h4 Kh7 36. h5 g6 {White keeps
some pressure, but Black is in no immediate danger.}) 35. gxh5 Kh7 36. b4 {
Topalov probably missed this move. Now there are serious issues in the
position.} Bxb4 (36... Kh6 37. Nc5 Bxc5 38. bxc5 Rd2 39. Kf3 Rc2 40. Rxb5 {is
of course unpleasant, but perhaps a better chance than what Topalov played in
the game.}) 37. Ne5 Rd5 38. Nxf7 {Black's shattered pawn structure on the
kingside now gives Giri many targets.} Rxh5 39. f4 Kg6 40. Ne5+ Kh7 41. Nf7 Kg6
42. Ne5+ Kh7 43. Nf3 $1 Rf5 (43... Kg6 {was still bad for Black.}) 44. Ng5+ $1
Kh6 (44... Kg6 45. Nxe6 Rf6 (45... Kf6 46. Nxg7 Rxf4 47. Nh5+) 46. e4 $18 {
taking advantage of the king on g6.}) 45. Kf3 {Now Black is out of moves. The
pawn on e6 will be taken next and his position is collapsing. On top of
everything, the position of the king on h6 is dubious.} Bd2 (45... e5 46. Nf7+
Kh7 47. Nxe5 $18) 46. e3 b4 47. Nxe6 Rh5 48. Nxg7 Rxh2 49. Nf5+ Kg6 50. Ne7+
Kf6 51. Nd5+ Ke6 52. Ke4 {White is completely winning.} Rh3 53. Rb6+ Kd7 54.
Kd3 Bc1 55. Rxb4 Kd6 56. Kd4 1-0

[Event "3rd Norway Chess 2015"]
[Site "Stavanger NOR"]
[Date "2015.06.24"]
[Round "8"]
[White "Nakamura, Hi"]
[Black "Vachier Lagrave, M."]
[Result "1/2-1/2"]
[WhiteElo "2802"]
[BlackElo "2723"]
[Annotator "Ramirez Alvarez,Alejandro"]
[PlyCount "93"]
[EventDate "2015.06.17"]
[SourceDate "2015.02.07"]

1. e4 c5 2. Nf3 d6 3. d4 cxd4 4. Nxd4 Nf6 5. Nc3 a6 6. Be2 e5 7. Nb3 Be7 8. Qd3
b5 9. a4 b4 10. Nd5 Bb7 11. Nxf6+ Bxf6 12. Bd2 a5 13. c3 bxc3 14. Bxc3 O-O 15.
O-O Nc6 16. Rfd1 Re8 $2 {This move was simply bad. It is the source of all of
Black's problems.} (16... Qb6 17. Qb5 Qc7 $11 {Chances are about even in this
complicated position.}) 17. Bf3 Be7 18. Qb5 {Now the rook on e8 is a tactical
target. For example:} Qc8 (18... Qc7 19. Nxa5 $1 Nxa5 20. Bxa5 Qxa5 (20... Rxa5
$2 21. Qxe8+ $18) 21. Qxb7 $16) 19. Bg4 $1 Qxg4 20. Qxb7 Rec8 21. Nxa5 Nxa5 22.
Qxe7 Nb3 23. f3 Qf4 {White has managed to win a pawn, and he is close to
winning with his passed pawns on the queenside. However, he still hast to be
careful.} 24. Ra3 $2 (24. Rab1 $1 Nd4 25. Bd2 Ne2+ 26. Kh1 {and White is
simply winning. We can compare this to the same variation but with 24.Ra3?})
24... Nd4 25. Raa1 {"I spent all my time calculating 25.Bd2, but I could not
see anything clear. Raa1 was also Stupid" - Nakamura.} (25. Bd2 Ne2+ 26. Kh1 (
26. Kf2 Qxh2 27. Kxe2 Qxg2+ 28. Ke3 d5 $1 29. exd5 e4 $1 {And the computers
with sufficient depth seem to think that this game is only a draw. The
complications are very wild, but White is not winning.}) 26... Qxd2 {even
loses for White due to the back rank checkmate.}) 25... Ne2+ (25... Nb3 26.
Rab1 {is not what MVL wanted.}) 26. Kh1 Nxc3 27. bxc3 h5 {Black has some
definite counterplay now. Winning the position is not easy.} 28. Qxd6 Rxc3 29.
Qd5 Ra6 30. Qb5 Rac6 {Black is planning on attacking White's king. White might
be able to win with precise play, but Nakamura's time was running too low for
him to do anything.} 31. Qf1 (31. a5 Rc2 32. Rg1 {would still leave MVL
struggling against the a-pawn, though with plenty of fight ahead.} (32. a6 Rxg2
$1 $19)) 31... h4 32. h3 Rc2 33. Re1 Qd2 {Now it is impossible to make
progress. The winning threat is Rg6.} 34. Red1 Qg5 35. Re1 Qd2 36. Rad1 Qb4 37.
Qd3 Kh7 38. Qd8 Rf6 39. Rc1 Qxa4 {By this point it is obvious the game is a
dead draw.} 40. Rxc2 Qxc2 41. Qd1 Qf2 42. Rf1 Qg3 43. Qd7 Rg6 44. Rg1 Rf6 45.
Rf1 Rg6 46. Rg1 Rf6 47. Rf1 1/2-1/2

[Event "3rd Norway Chess 2015"]
[Site "Stavanger NOR"]
[Date "2015.06.24"]
[Round "8"]
[White "Anand, V."]
[Black "Hammer, J."]
[Result "1-0"]
[WhiteElo "2804"]
[BlackElo "2677"]
[Annotator "Ramirez Alvarez,Alejandro"]
[PlyCount "71"]
[EventDate "2015.06.17"]
[SourceDate "2015.02.07"]

1. c4 e5 2. g3 Nf6 3. Bg2 d5 4. cxd5 Nxd5 5. Nc3 Nb6 6. d3 Be7 7. Be3 O-O 8.
Rc1 f5 9. Nf3 Nc6 10. O-O Be6 11. b4 a6 12. a3 Kh8 13. Na4 Nxa4 14. Qxa4 Bd5
15. Bc5 Bd6 16. Qc2 Qf6 17. e4 Be6 18. exf5 Bxf5 19. Be3 a5 20. b5 Ne7 21. Bg5
Qf7 22. Qc3 h6 23. Bxe7 Qxe7 24. Nh4 Bxa3 25. Bxb7 Bxc1 $2 (25... Rab8 26. Nxf5
Rxf5 27. Be4 Rf6 $14) 26. Nxf5 Rxf5 27. Bxa8 Ba3 28. Qxa5 Bc5 29. Be4 {White's
advantage is very strong. He has an extra pawn and can hope to improve his
position slowly. Hammer makes it easy for Anand.} Rf8 30. Kg2 Qd6 31. h4 h5 $6
32. Qd2 Qf6 33. Qe2 g6 $2 (33... Qf7 $16) 34. Bxg6 {A simple tactic.} Qxg6 35.
Qxe5+ Kg8 36. Qxc5 {White's up too many pawns.} 1-0